|
|
|
|
| LEADER |
01000naa a2200265 c 4500 |
| 001 |
856478369 |
| 003 |
DE-627 |
| 005 |
20160408134150.0 |
| 007 |
tu |
| 008 |
160408s2012 xx ||||| 00| ||ger c |
| 035 |
|
|
|a (DE-627)856478369
|
| 035 |
|
|
|a (DE-599)GBV856478369
|
| 040 |
|
|
|a DE-627
|b ger
|c DE-627
|e rda
|
| 041 |
|
|
|a ger
|
| 100 |
1 |
|
|a Pille, René-Marc
|d 1953-
|e verfasserin
|0 (DE-588)103262616X
|0 (DE-627)738588415
|0 (DE-576)380142392
|4 aut
|
| 245 |
1 |
0 |
|a Der deutsche Dichter aus Frankreich
|b Mutmaßungen über Chamissos Sprachwechsel
|c René-Marc Pille
|
| 264 |
|
1 |
|c c 2012
|
| 336 |
|
|
|a Text
|b txt
|2 rdacontent
|
| 337 |
|
|
|a ohne Hilfsmittel zu benutzen
|b n
|2 rdamedia
|
| 338 |
|
|
|a Band
|b nc
|2 rdacarrier
|
| 773 |
0 |
8 |
|i Enthalten in
|t Französisch-deutsche Kulturräume um 1800
|d Berlin : BWV, Berliner Wiss.-Verl., 2012
|g (2012), Seite 65-73
|h 312 S.
|w (DE-627)731390660
|w (DE-576)378233289
|z 9783830530121
|7 nnam
|
| 773 |
1 |
8 |
|g year:2012
|g pages:65-73
|
| 912 |
|
|
|a GBV_USEFLAG_U
|
| 912 |
|
|
|a GBV_ILN_61
|
| 912 |
|
|
|a ISIL_DE-32
|
| 912 |
|
|
|a SYSFLAG_1
|
| 912 |
|
|
|a GBV_KXP
|
| 912 |
|
|
|a GBV_ILN_11
|
| 912 |
|
|
|a GBV_ILN_20
|
| 912 |
|
|
|a GBV_ILN_21
|
| 912 |
|
|
|a GBV_ILN_22
|
| 912 |
|
|
|a GBV_ILN_24
|
| 912 |
|
|
|a GBV_ILN_31
|
| 912 |
|
|
|a GBV_ILN_60
|
| 912 |
|
|
|a GBV_ILN_62
|
| 912 |
|
|
|a GBV_ILN_70
|
| 912 |
|
|
|a GBV_ILN_72
|
| 912 |
|
|
|a GBV_ILN_100
|
| 912 |
|
|
|a GBV_ILN_121
|
| 912 |
|
|
|a GBV_ILN_285
|
| 912 |
|
|
|a GBV_ILN_288
|
| 912 |
|
|
|a GBV_ILN_350
|
| 912 |
|
|
|a GBV_ILN_754
|
| 912 |
|
|
|a GBV_ILN_2003
|
| 912 |
|
|
|a GBV_ILN_2004
|
| 912 |
|
|
|a GBV_ILN_2005
|
| 912 |
|
|
|a GBV_ILN_2006
|
| 912 |
|
|
|a GBV_ILN_2008
|
| 912 |
|
|
|a GBV_ILN_2009
|
| 912 |
|
|
|a GBV_ILN_2010
|
| 912 |
|
|
|a GBV_ILN_2011
|
| 912 |
|
|
|a GBV_ILN_2018
|
| 912 |
|
|
|a GBV_ILN_2040
|
| 912 |
|
|
|a GBV_ILN_2043
|
| 912 |
|
|
|a GBV_ILN_2060
|
| 912 |
|
|
|a GBV_ILN_2470
|
| 912 |
|
|
|a GBV_ILN_2487
|
| 912 |
|
|
|a GBV_ILN_2505
|
| 912 |
|
|
|a GBV_ILN_288
|
| 951 |
|
|
|a AR
|
| 952 |
|
|
|j 2012
|h 65-73
|
| 980 |
|
|
|2 61
|1 01
|x 0032
|b 1608978036
|y x
|z 08-04-16
|
| 980 |
|
|
|2 288
|1 01
|x 3288
|b 1608976157
|h ibkonline16
|u gvk
|y zi
|z 08-04-16
|
| 982 |
|
|
|2 288
|1 01
|x 3288
|8 30
|s p
|0 (DE-627)302783830
|a Chamisso, Adelbert ^von^
|
| 982 |
|
|
|2 288
|1 01
|x 3288
|8 31
|s g
|0 (DE-627)361374739
|a Deutsch
|
| 982 |
|
|
|2 288
|1 01
|x 3288
|8 32
|s g
|0 (DE-627)328242799
|a Französisch
|
| 982 |
|
|
|2 288
|1 01
|x 3288
|8 33
|s s
|0 (DE-627)30503443X
|a Sprache
|
| 983 |
|
|
|2 288
|1 01
|x 3288
|8 00
|0 (DE-627)302665013
|a 2.2.2
|b Schriften von und zu einzelnen Autoren. Sekundärliteratur. Über Leben, Werk und Wirkung
|
| 995 |
|
|
|2 288
|1 01
|x 3288
|a ibkonline16
|